Komentár k novele zákona o dani z pridanej hodnoty

Novela zákona o DPH (zákon č. 511/2002 Z.z.), schválená Národnou radou SR dňa 18. júna 2002, nadobudne účinnosť 1.1.2003. Najdôležitejšie vecné zmeny.

Salvato in:
Dettagli Bibliografici
Autore principale: Zuziková, Alena
Natura: Capitolo di libro
Lingua:slovacco
Soggetti:
Tags: Aggiungi Tag
Nessun Tag, puoi essere il primo ad aggiungerne!!

MARC

LEADER 00000naa a2200000 4500
001 r046629
005 20230927070523.4
041 0 |a slo 
044 |a SK 
245 1 0 |a Komentár k novele zákona o dani z pridanej hodnoty  |c Alena Zuziková 
520 |a Novela zákona o DPH (zákon č. 511/2002 Z.z.), schválená Národnou radou SR dňa 18. júna 2002, nadobudne účinnosť 1.1.2003. Najdôležitejšie vecné zmeny. 
610 2 0 |a dane z hodnoty pridanej 
610 2 0 |a zákony 
610 2 0 |a novelizácia 
610 2 0 |a Slovensko 
610 2 0 |a 2002 
610 2 0 |a komentáre 
100 1 |a Zuziková, Alena